Statistics for fortnite chapter 2 map/battle pass skins

Click here to take the quiz!

General Stats

  • This quiz has been taken 103 times
  • The average score is 11 of 20

Answer Stats

HintAnswer% Correct
SSsalty springs
81%
PPpleasant park
73%
RRretail row
70%
SSslurpy swamp
70%
WWweeping woods
68%
SSsweaty sands
66%
HHholly hedges
65%
LLlazy lake
65%
MMmisty meadows
65%
FFfrenzy farm
60%
DDdirty docks
58%
CCcraggy cliffs
56%
SSsteamy stacks
54%
drippy and dangerousrippley
46%
rack 'em up8-ball
39%
merged into onefusion
38%
time to climbjourney
36%
take your medecineremedy
35%
hook your prayturk
35%
make your apperencecameo
33%

Score Distribution

Percentile by Number Answered

Percent of People with Each Score

Your Score History

You have not taken this quiz